Epidemiology of defenestrations in Paris (notice n° 1528586)

détails MARC
000 -LEADER
fixed length control field 02504cam a2200205 4500500
005 - DATE AND TIME OF LATEST TRANSACTION
control field 20251012013149.0
041 ## - LANGUAGE CODE
Language code of text/sound track or separate title fre
042 ## - AUTHENTICATION CODE
Authentication code dc
100 10 - MAIN ENTRY--PERSONAL NAME
Personal name Masson, C.
Relator term author
245 00 - TITLE STATEMENT
Title Epidemiology of defenestrations in Paris
260 ## - PUBLICATION, DISTRIBUTION, ETC.
Date of publication, distribution, etc. 2025.<br/>
500 ## - GENERAL NOTE
General note 53
520 ## - SUMMARY, ETC.
Summary, etc. IntroductionIn France, there are approximately 9,000 deaths by suicide per year. The Medical and Psychological Emergency Unit (Cellule d’urgence médico-psychologique; CUMP) of the Paris SAMU, the city’s emergency medical service, intervenes following defenestration incidents. The frequency and nature of these events in Paris between 2019 and 2022 have raised numerous questions.MethodThis study was conducted based on an analysis of interventions by the Paris SAMU for defenestrations, whether of suicidal or accidental origin. This research was carried out using data extracted from the Carmen software (the SAMU’s medical records system), recording the gender and age of the victim, along with the district, the month, and year of the incident. Cases were selected using the keyword “defenestrated.” Quantitative variables were presented as mean ± standard deviation, and qualitative variables as numbers and percentages.ResultsA significant decrease in the number of defenestrations was recorded between 2019 (n = 137) and 2022 (n = 97), with a predominance of male victims. Defenestrations were more frequent among individuals aged 19 to 35 (39% of the total sample), and differences were also noted according to district, with a higher occurrence observed in the thirteenth arrondissement and the first four arrondissements of Paris.ConclusionDespite the decrease in the number of defenestrations within Paris proper, prevention measures should be stepped up, as suicide and domestic accidents involving defenestration remain major public health issues. Interventions following defenestrations in public spaces should be further systematized by emergency response teams so that direct witnesses and bereaved relatives, as well as first responders in need, can benefit from immediate or follow-up psychological care.
700 10 - ADDED ENTRY--PERSONAL NAME
Personal name Allard, M.-A.
Relator term author
700 10 - ADDED ENTRY--PERSONAL NAME
Personal name Neff, E.
Relator term author
700 10 - ADDED ENTRY--PERSONAL NAME
Personal name Abgrall, G.
Relator term author
700 10 - ADDED ENTRY--PERSONAL NAME
Personal name Adnet, F.
Relator term author
786 0# - DATA SOURCE ENTRY
Note Annales françaises de médecine d’urgence | 15 | 4 | 2025-07-08 | p. 223-228 | 2108-6524
856 41 - ELECTRONIC LOCATION AND ACCESS
Uniform Resource Identifier <a href="https://shs.cairn.info/journal-annales-francaises-de-medecine-durgence-2025-4-page-223?lang=en&redirect-ssocas=7080">https://shs.cairn.info/journal-annales-francaises-de-medecine-durgence-2025-4-page-223?lang=en&redirect-ssocas=7080</a>

Pas d'exemplaire disponible.

PLUDOC

PLUDOC est la plateforme unique et centralisée de gestion des bibliothèques physiques et numériques de Guinée administré par le CEDUST. Elle est la plus grande base de données de ressources documentaires pour les Étudiants, Enseignants chercheurs et Chercheurs de Guinée.

Adresse

627 919 101/664 919 101

25 boulevard du commerce
Kaloum, Conakry, Guinée

Réseaux sociaux

Powered by Netsen Group @ 2025